00594nam a2200169 a 450000100100000000500170001000800410002704000250006810000340009324500550012726000490018230000340023150400280026504900090029395201050030299900170040700002785020200930031139.0110405s1981 dr ac 000 0 spa d aDO-SdBNPbspacBNPHU1 aPadilla, Napoleón S.95492510aCultivo del tabaco negro /cNapoleón S. Padilla. aSanto Domingo :bIntituto del tabaco,c1981. a69 p. :bil., retr. ;c27 cm. aBibliografía : p. 69. aBNPD 0010718PDaPDbPDcCTd2011-04-05iLF1l0o p27850-10r2020-06-25w2020-06-25yLFPDZNo se presta c27342d27342